Responses for Show #4036 - Monday, March 4, 2002

(Cheryl: You know, a butterfly is more than just a pretty wing. Find out more on Jeopardy! next.)

Contestants

[<< previous game]

Omid Foladi, a pre-med student and disc jockey from Los Angeles, California

Susan McCormick, a project manager from Wynnewood, Pennsylvania

Kevin Scott, a graduate student from Columbus, Ohio (whose 3-day cash winnings total $44,001)

[next game >>]

Jeopardy! Round responses

BUTTERFLIES
SINATRA HITS IN OTHER WORDS
BELIEFS
NONFICTION
TRULY TRIVIAL FACTS
"B.B."
    $200 12
the antenna

Omid
    $200 24
"Love And Marriage"

Susan
    $200 1
(Susan: What is astrology?)
(Omid: What is a compass?)

horoscope

SusanOmid
Triple Stumper
    $200 3
Rosie O'Donnell

Susan
    $200 7
Mars

Omid
    $200 13
the Backstreet Boys

Susan
    $400 16
wing

Triple Stumper
    $400 25
"High Hopes"

Omid
    $400 2
(Susan: What is the heart?)

the Earth

Susan
Triple Stumper
    $400 4
Nostradamus

Kevin
    $400 8
(2 of) Lassie & Rin Tin Tin (or Strongheart)

Susan
    $400 14
butter brickle

Susan
    $600 23
the monarch

Susan
    $600 26
"My Way"

Susan
    $600 19
Atlantis

Kevin
    $600 5
Japan

Triple Stumper
    $600 9
(Kevin: What is Alabama?)

AL

KevinSusan
    $600 15
Baby Boom

Kevin
    $800 27
"Witchcraft"

Triple Stumper
    $800 20
exorcism

Susan
    $800 6
(Kevin: Who is Dave Barry?)

Erma Bombeck

Kevin
Triple Stumper
    $800 10
[Laughter]

Flushing

Susan
    $800 17
Batman Beyond

Omid
    $1000 28
[The end-of-round signal sounds.]

"Strangers In The Night"

Susan
    $1000 21
reincarnation

Omid
    $200 22
(Omid: Who is Dickens?)
...
(Alex: And we have less than a minute to complete the round.)

Thomas Wolfe

Omid
    $1000 11
a penknife

Kevin
    $1000 18
Barbara Bach

Triple Stumper

Scores at the first commercial break (after clue 13):

Kevin Susan Omid
$0 $1,600 $200

Scores at the end of the Jeopardy! Round:

Kevin Susan Omid
$1,200 $5,200 $2,200

Double Jeopardy! Round responses

JULES VERNE
NOT QUITE 20,000 LEAGUES
UNDER THE "C"
AROUND THE WORLD
IN '80
DAY
    $400 26
(Alex: With a minute to go now.)

the Eiffel Tower

Kevin
    $400 13
Ivy League

Omid
    $400 8
corn

Kevin
    $400 18
the Caribbean

Susan
    $400 1
gold

Susan
    $400 6
pets

Susan
    $800 27
Fulton

Susan
    $800 14
Anti-Defamation League

Kevin
    $800 9
chickens

Susan
    $800 19
stilts

Kevin
    $800 2
(Kevin: What is Mount St. Helen?)
[Kevin's response was accepted as correct and the decision was reversed when the next Daily Double was uncovered.]

Mount St. Helens

Kevin
Triple Stumper
    $800 7
Calamity Jane

Triple Stumper
    $1200 28
(Alexandre) Dumas

Susan
    $1200 15
the Justice League

Triple Stumper
    $1200 10
callus

Kevin
    $1200 20
the equator

Susan
    $1200 3
AT&T

Susan
    $1200 23
"Que Sera, Sera"

Susan
    $1600 29
Nantes

Kevin
    $2,000 16
(Kevin: Who is Anthony?)

Margaret Sanger

Kevin
    $1600 11
Cleopatra

Kevin
    $1600 21
Sparta

Kevin
    $1600 4
(Susan: What is Saratoga?)

Lake Placid

KevinSusan
    $1600 24
Pillow Talk

Susan
    $2,900 30
(Kevin: Who is the lady from Around the World in 80 Days?)

Nellie Bly

Kevin
    $2000 17
Iroquois League

Triple Stumper
    $2000 12
Citation

Triple Stumper
    $2000 22
the Bay of Bengal

Susan
    $2000 5
Edmund Muskie

Susan
    $2000 25
West Point Story

Susan

Scores at the end of the Double Jeopardy! Round:

Kevin Susan Omid
$5,500 $18,800 $2,600
(lock game)

[wagering suggestions for these scores]

Final Jeopardy! Round responses

U.S. PRESIDENTS
OmidWho is FDR?
$0
KevinWho was FDR?
$0
SusanWho is Franklin Delano Roosevelt?
$3,800
Franklin Roosevelt

Final scores:

Kevin Susan Omid
$5,500 $22,600 $2,600
2nd place: trip to Mexico & stay at Allegro Resort Playacar New champion: $22,600 3rd place: trip to Las Vegas & stay at the Flamingo

Game dynamics:

Coryat scores:

Kevin Susan Omid
$10,400 $18,800 $2,800
13 R,
5 W
(including 2 DDs)
24 R,
3 W
6 R,
2 W
(including 1 DD)

Combined Coryat: $32,000

[game clues] [game scores] [suggest correction]

Game tape date: 2001-12-04
The J! Archive is created by fans, for fans. Scraping, republication, monetization, and malicious use prohibited; this site may use cookies and collect identifying information. See terms. The Jeopardy! game show and all elements thereof, including but not limited to copyright and trademark thereto, are the property of Jeopardy Productions, Inc. and are protected under law. This website is not affiliated with, sponsored by, or operated by Jeopardy Productions, Inc. Join the discussion at JBoard.tv.